000 00490nam a2200157Ia 4500
008 160316s1987 xxu||||| |||| 00| 0 eng d
082 _a344.046000
_bEVE
100 _aEverest Larry
245 _aBehind the poison cloud : Union carbide's Bhopal massacre
250 _a
260 _aHyderabad
_bSangam Books
_c1987
300 _a192p
_b
_c
365 _bRs.125
650 _a1. Environmental Disaster - Union Carbide Incident - Bhopal 2. Bhopal Gas Leak Disaster - A Study
700 _a
_a
999 _c14449
_d14449